000 00788cab a2200253 4500
001 WB3344-11
008 090401t1997 xxu||||| |||| 00| 0 eng d
035 _a(Sirsi) u81994
041 _aeng
245 _aCyberspace shopping
260 _c1997
350 _a0
490 _aKnight Frank Press Release
_v(142/97) 3 October 1997, (2)
520 _aThe latest edition of Knight Frank`s Retail Review research report considers the growth in home shopping and the impact on the retail sector. Details.
650 _aELECTRONIC SHOPPING
650 _aHOME SHOPPING
650 _aINTERNET
650 _aINTERNET SHOPPING
650 _aKNIGHT FRANK
650 _aRETAIL PROPERTY
690 _aPROPERTY-COMMERCIAL PROPERTY-RETAIL PROPERTY
942 _n0
948 _c11/11/1997
999 _c51706
_d51706